[Event "14th EUR-ch"]
[Site "Legnica POL"]
[Date "2013.05.16"]
[Round "11"]
[White "Cheparinov, Ivan"]
[Black "Gagunashvili, Merab"]
[Result "1/2-1/2"]
[WhiteElo "2700"]
[BlackElo "2592"]
[EventDate "2013.05.05"]
[PlyCount "118"]

1.d4 d5 2.c4 e6 3.Nf3 Nf6 4.g3 Bb4+ 5.Bd2 Bxd2+ 6.Qxd2 Nbd7 7.Bg2 c6 8.O-O
O-O 9.Rc1 Qe7 10.Qf4 b6 11.cxd5 cxd5 12.Ne5 Nxe5 13.dxe5 Nd7 14.Nc3 Ba6 
15.Qa4 Bb7 16.Qd4 Bc6 17.Rc2 f6 18.exf6 Nxf6 19.Rac1 Rad8 20.f4 Qc5 21.e3 
Qxd4 22.exd4 Bd7 23.Bf1 Ne8 24.Nb5 Bxb5 25.Bxb5 Nd6 26.Ba6 Rf7 27.Rc7 Rdd7
28.Rxd7 Rxd7 29.Bc8 Nxc8 30.Rxc8+ Kf7 31.Kf2 h5 32.Kf3 Re7 33.h3 Kf6 34.b4
Rd7 35.a4 Re7 36.g4 hxg4+ 37.hxg4 Rb7 38.Kg3 g5 39.fxg5+ Kxg5 40.Rg8+ Kf6 
41.Kf4 a5 42.b5 Rc7 43.g5+ Kf7 44.Rb8 Rc4 45.Ke5 Rxa4 46.Rxb6 Rb4 47.g6+ 
Kg7 48.Kxe6 Rxd4 49.Kd6 Rd1 50.Ra6 d4 51.Rxa5 d3 52.Ra2 Kxg6 53.Rb2 Rc1 
54.Rd2 Rc8 55.b6 Kf5 56.b7 Rb8 57.Kc7 Rxb7+ 58.Kxb7 Ke4 59.Rxd3 Kxd3 
1/2-1/2

[Event "14th EUR-ch"]
[Site "Legnica POL"]
[Date "2013.05.16"]
[Round "11"]
[White "Almasi, Zoltan"]
[Black "Grigoriants, Sergei"]
[Result "1/2-1/2"]
[WhiteElo "2695"]
[BlackElo "2579"]
[EventDate "2013.05.05"]
[PlyCount "107"]

1.e4 c5 2.Nf3 e6 3.g3 Nc6 4.Bg2 d5 5.exd5 Qxd5 6.O-O Qd8 7.c3 Nf6 8.d4 
cxd4 9.Nxd4 Nxd4 10.Qxd4 Qxd4 11.cxd4 Bd6 12.Nc3 a6 13.Bg5 Rb8 14.Rfe1 O-O
15.Rad1 h6 16.Bxf6 gxf6 17.Ne4 Be7 18.d5 exd5 19.Nc3 Bb4 20.Bxd5 b5 21.Rd4
Bc5 22.Rd3 Kg7 23.Ne4 Be7 24.Rc1 f5 25.Nc5 Rd8 26.Bb3 a5 27.Rxd8 Bxd8 28.
Nd3 Bb7 29.Nf4 a4 30.Bd5 Bg5 31.Rc5 Bxf4 32.gxf4 Bxd5 33.Rxd5 b4 34.Ra5 b3
35.Rxa4 bxa2 36.Rxa2 Rb4 37.Kf1 Rxf4 38.b3 Rh4 39.Rb2 Rxh2 40.b4 Rh1+ 41.
Ke2 Rc1 42.b5 Kf6 43.b6 Rc8 44.Kf3 Rb8 45.Kf4 Rb7 46.f3 Ke6 47.Rb1 Kf6 48.
Kg3 Ke5 49.Kh4 Kd5 50.Rb5+ Kc4 51.Rxf5 Rxb6 52.Rxf7 Kd5 53.Kh5 Ke6 54.Rf8 
1/2-1/2

[Event "14th EUR-ch"]
[Site "Legnica POL"]
[Date "2013.05.16"]
[Round "11"]
[White "Grachev, Boris"]
[Black "Brkic, Ante"]
[Result "1/2-1/2"]
[WhiteElo "2687"]
[BlackElo "2575"]
[EventDate "2013.05.05"]
[PlyCount "85"]

1.c4 c5 2.Nf3 Nc6 3.Nc3 e5 4.e3 Nf6 5.d4 e4 6.Ne5 h5 7.Be2 Qc7 8.Rb1 a6 9.
f4 cxd4 10.exd4 Bb4 11.a3 Bxc3+ 12.bxc3 d6 13.Nxc6 bxc6 14.O-O Qa5 15.f5 
Bxf5 16.Bf4 Rd8 17.Bxd6 Rxd6 18.c5 Rd8 19.Rxf5 Qxc3 20.Re5+ Kf8 21.Rb3 Qa5
22.Rb7 Qxa3 23.Bc4 Qe3+ 24.Kh1 Nd7 25.Rf5 f6 26.h3 Ke7 27.Rb3 Qh6 28.Qe2 
Rhe8 29.Rxh5 Qc1+ 30.Kh2 Rb8 31.Rh4 f5 32.Rg3 Rb1 33.Rxg7+ Kd8 34.Rhh7 Nf6
35.Qf2 Nxh7 36.Qxf5 Qg1+ 37.Kg3 Qe3+ 38.Kg4 Qxd4 39.Rxh7 e3+ 40.Kf3 e2 41.
Qg5+ Kc8 42.Qf5+ Kd8 43.Qg5+ 1/2-1/2

[Event "14th EUR-ch"]
[Site "Legnica POL"]
[Date "2013.05.16"]
[Round "11"]
[White "Miton, Kamil"]
[Black "Handke, Florian"]
[Result "1-0"]
[WhiteElo "2624"]
[BlackElo "2545"]
[EventDate "2013.05.05"]
[PlyCount "53"]

1.d4 Nf6 2.c4 g6 3.Nc3 d5 4.Nf3 Bg7 5.e3 O-O 6.Be2 c5 7.dxc5 dxc4 8.O-O 
Qa5 9.Qd4 Nbd7 10.Qxc4 Qxc5 11.Qh4 Ne5 12.e4 Nxf3+ 13.Bxf3 Be6 14.a3 Rfd8 
15.Be3 Qc4 16.Rfc1 Rd7 17.Be2 Qb3 18.Rab1 Rad8 19.Bb5 Rc7 20.Bxa7 Ng4 21.
Bb6 Bf6 22.Qg3 Rd2 23.Qxc7 Be5 24.Qxe7 Rxb2 25.Qd8+ Kg7 26.Bd4 Rxb1 27.
Rxb1 1-0

[Event "14th EUR-ch"]
[Site "Legnica POL"]
[Date "2013.05.16"]
[Round "11"]
[White "Zoler, Dan"]
[Black "Guseinov, Gadir"]
[Result "1/2-1/2"]
[WhiteElo "2533"]
[BlackElo "2623"]
[EventDate "2013.05.05"]
[PlyCount "210"]

1.d4 g6 2.c4 Bg7 3.Nf3 d6 4.Nc3 Nd7 5.e4 e5 6.Be2 Ne7 7.O-O O-O 8.Re1 b6 
9.Bf1 h6 10.Rb1 g5 11.d5 a5 12.Nd2 f5 13.exf5 Nxf5 14.Nde4 Nc5 15.Be2 Nd4 
16.Nxc5 Nxe2+ 17.Qxe2 bxc5 18.h3 Bf5 19.Ne4 Qd7 20.f3 Rfb8 21.g4 Bg6 22.
Bd2 Qa4 23.Bc3 Qxa2 24.Ra1 Qb3 25.Ra3 Qb7 26.Rea1 a4 27.Rxa4 Rxa4 28.Rxa4 
Ra8 29.Rxa8+ Qxa8 30.b3 Kf7 31.Qb2 Ke7 32.Kg2 Kd7 33.Be1 Ke7 34.Bd2 Kd7 
35.Kg3 Ke7 36.Kf2 Kf7 37.Ke2 Ke7 38.Be3 Kf7 39.Bc1 Ke7 40.Bd2 Kd7 41.Kf2 
Ke7 42.Kg3 Kf7 43.Qb1 Bf6 44.Bc3 Be7 45.Qb2 Ke8 46.Kf2 Kd7 47.Ke2 Qa6 48.
Kd2 Ke8 49.Kc1 Kf8 50.Qa1 Qb7 51.Kb2 c6 52.dxc6 Qxc6 53.Qe1 Kf7 54.Qe2 Kf8
55.Qd3 Kf7 56.Kc2 Kf8 57.Bb2 Qa8 58.Kc1 Qa5 59.Qc3 Qa8 60.Qd3 Bh7 61.Kc2 
Bg6 62.Kc1 Kg7 63.Kc2 Kh7 64.Kc1 Qf8 65.Qe3 Qa8 66.Qd3 Qb8 67.Ba3 Kg7 68.
Kb2 Qa8 69.Qe3 Qf8 70.Kc3 Kh7 71.Kd2 Qf7 72.Bb2 Bf8 73.Ke2 Qa7 74.Qd2 Qa2 
75.Qc2 Be7 76.Kf2 Kg8 77.Kg3 Kf7 78.Kg2 Kg8 79.Kg3 Kf8 80.Kg2 Bd8 81.Kg3 
Bxe4 82.fxe4 Ba5 83.Kf3 Bb4 84.Ke3 Ba3 85.Qd3 Ke7 86.Bxa3 Qxa3 87.Qb1 Qa8 
88.Ke2 Qf8 89.Qa2 h5 90.Qa7+ Ke6 91.Qh7 hxg4 92.hxg4 Qf4 93.Qf5+ Ke7 94.
Kd3 Kd8 95.Kc2 Kc7 96.Kb2 Qd2+ 97.Kb1 Qc3 98.Qxg5 Qxb3+ 99.Ka1 Qa3+ 100.
Kb1 Qd3+ 101.Kb2 Qe2+ 102.Kb3 Kc6 103.Qg8 Qd3+ 104.Kb2 Qd2+ 105.Kb3 Qd3+ 
1/2-1/2

[Event "14th EUR-ch"]
[Site "Legnica POL"]
[Date "2013.05.16"]
[Round "11"]
[White "Mastrovasilis, Athanasios"]
[Black "Timofeev, Artiom"]
[Result "1-0"]
[WhiteElo "2514"]
[BlackElo "2621"]
[EventDate "2013.05.05"]
[PlyCount "29"]

1.c4 c5 2.Nf3 Nf6 3.Nc3 d5 4.cxd5 Nxd5 5.e4 Nb4 6.Bb5+ Bd7 7.a3 N4c6 8.d4 
cxd4 9.Nxd4 g6 10.Be3 Bg7 11.O-O O-O 12.Nb3 Na5 13.Nxa5 Qxa5 14.Bxd7 Bxc3 
15.bxc3 1-0

[Event "14th EUR-ch"]
[Site "Legnica POL"]
[Date "2013.05.16"]
[Round "11"]
[White "Godena, Michele"]
[Black "Khalifman, Alexander"]
[Result "1/2-1/2"]
[WhiteElo "2511"]
[BlackElo "2614"]
[EventDate "2013.05.05"]
[PlyCount "20"]

1.e4 c6 2.d4 d5 3.Nd2 dxe4 4.Nxe4 Nd7 5.Nf3 Ngf6 6.Nxf6+ Nxf6 7.Ne5 Nd7 8.
Nf3 Nf6 9.Ne5 Nd7 10.Nf3 Nf6 1/2-1/2

[Event "14th EUR-ch"]
[Site "Legnica POL"]
[Date "2013.05.16"]
[Round "11"]
[White "Stocek, Jiri"]
[Black "Gajewski, Grzegorz"]
[Result "0-1"]
[WhiteElo "2549"]
[BlackElo "2653"]
[EventDate "2013.05.05"]
[PlyCount "88"]

1.c4 e5 2.Nc3 Nc6 3.e3 d6 4.Nf3 g6 5.Be2 Bg7 6.O-O f5 7.d4 e4 8.Nd2 Nf6 9.
b4 O-O 10.b5 Ne7 11.a4 g5 12.Ba3 Qe8 13.a5 f4 14.Ndxe4 Nxe4 15.Nxe4 Nf5 
16.Qd3 Nxe3 17.fxe3 Bf5 18.Bf3 Qg6 19.exf4 g4 20.Rae1 Rae8 21.Kh1 b6 22.
Bb4 Kh8 23.d5 Re7 24.Bd1 Rfe8 25.Qg3 Rxe4 26.Rxe4 Rxe4 27.axb6 axb6 28.Qb3
h5 29.Bc2 Re2 30.Bxf5 Qxf5 31.Bc3 Qe4 32.Bxg7+ Kxg7 33.Qg3 Qxc4 34.h3 Re4 
35.Kg1 Qd4+ 36.Kh2 Re3 37.Rf3 Rxf3 38.gxf3 Qd2+ 39.Kg1 Qd1+ 40.Kh2 Qd2+ 
41.Kg1 Qc1+ 42.Kh2 Qb2+ 43.Qg2 Qxg2+ 44.Kxg2 gxh3+ 0-1

[Event "14th EUR-ch"]
[Site "Legnica POL"]
[Date "2013.05.16"]
[Round "11"]
[White "Socko, Bartosz"]
[Black "Gabuzian, Hovhannes"]
[Result "1-0"]
[WhiteElo "2647"]
[BlackElo "2532"]
[EventDate "2013.05.05"]
[PlyCount "187"]

1.d4 d5 2.c4 c6 3.Nf3 Nf6 4.e3 Bg4 5.cxd5 Bxf3 6.Qxf3 cxd5 7.Nc3 Nc6 8.Bd3
g6 9.g4 e6 10.Bd2 Rc8 11.g5 Nb4 12.Bb1 Nh5 13.Qg2 h6 14.gxh6 Rxh6 15.e4 
dxe4 16.Bxe4 Qxd4 17.Bxh6 Rxc3 18.O-O Rc4 19.Bxf8 Kxf8 20.Rfe1 Qxb2 21.a3 
Nc2 22.Bxc2 Rxc2 23.Qf3 Rc3 24.Qe4 Rxa3 25.Rab1 Qd2 26.Qe5 Qc3 27.Qd6+ Kg7
28.Re3 Qc2 29.Qe5+ Kh7 30.Rxb7 Qd1+ 31.Re1 Qg4+ 32.Kf1 Rf3 33.Qxe6 Qf4 34.
Qe2 Qf5 35.Kg1 Kh6 36.Qe4 Qg5+ 37.Kf1 Qf6 38.Re2 Rf4 39.Qd5 Qa1+ 40.Re1 
Qf6 41.Qc5 Qa6+ 42.Qb5 Qa3 43.Qb3 Qc5 44.Qe3 Qd5 45.Rb4 g5 46.Re4 Rf5 47.
Qd4 Qa8 48.Kg1 Nf4 49.f3 Ng6 50.Qd7 Rf6 51.R1e3 Qb8 52.Qd4 Rd6 53.Qc3 Rb6 
54.Re1 Rb2 55.R4e2 Qb6+ 56.Qe3 Rxe2 57.Rxe2 Qb1+ 58.Re1 Qb2 59.Qf2 Qc3 60.
Qe3 Qb2 61.Qf2 Qf6 62.Kh1 a5 63.Re4 Qf5 64.Qe3 Qc8 65.Rg4 f6 66.h4 Qf5 67.
Rg2 Nxh4 68.Rg3 a4 69.Qb6 Ng6 70.Qa6 Qb1+ 71.Rg1 Qb3 72.Qxf6 Qd5 73.Kg2 
Kh5 74.Kg3 Nh4 75.Qh8+ Kg6 76.Qe8+ Kh6 77.Qh8+ Kg6 78.Qe8+ Kh6 79.Qe4 Qd6+
80.Kh3 Ng6 81.Rh1 a3 82.Kg4+ Kg7 83.Kxg5 Qf6+ 84.Kh5 a2 85.Rg1 a1=Q 86.
Rxg6+ Qxg6+ 87.Qxg6+ Kh8 88.Qe8+ Kg7 89.Qe7+ Kh8 90.Kg6 Qb1+ 91.Kf6 Qb6+ 
92.Qe6 Qd8+ 93.Kg6 Qd3+ 94.Qf5 1-0

[Event "14th EUR-ch"]
[Site "Legnica POL"]
[Date "2013.05.16"]
[Round "11"]
[White "Stevic, Hrvoje"]
[Black "Dragun, Kamil"]
[Result "0-1"]
[WhiteElo "2637"]
[BlackElo "2520"]
[EventDate "2013.05.05"]
[PlyCount "70"]

1.e4 g6 2.d4 Bg7 3.Nc3 d6 4.Be3 a6 5.f4 b5 6.Bd3 Bb7 7.Nf3 Nf6 8.a3 O-O 9.
Qe2 e6 10.O-O-O Nbd7 11.e5 Ng4 12.Bd2 c5 13.h3 Nh6 14.dxc5 Nxc5 15.Be3 
Nxd3+ 16.Rxd3 Nf5 17.Bf2 Qa5 18.g4 Ne7 19.Rxd6 Nd5 20.Nxd5 Bxd5 21.Rd1 
Rfc8 22.Ng5 h6 23.R1xd5 exd5 24.Nxf7 Kxf7 25.Qd3 Kg8 26.f5 Qa4 27.b4 a5 
28.Rxg6 Kh7 29.Kb1 Bxe5 30.Re6 Rc3 31.Re7+ Kh8 32.Qe2 Rb3+ 33.cxb3 Qxb3+ 
34.Kc1 Rc8+ 35.Bc5 Bf4+ 0-1

[Event "14th EUR-ch"]
[Site "Legnica POL"]
[Date "2013.05.16"]
[Round "11"]
[White "Kraemer, Martin"]
[Black "Nyzhnyk, Illya"]
[Result "1/2-1/2"]
[WhiteElo "2544"]
[BlackElo "2635"]
[EventDate "2013.05.05"]
[PlyCount "80"]

1.d4 d5 2.c4 dxc4 3.Nf3 Nf6 4.e3 e6 5.Bxc4 a6 6.O-O c5 7.dxc5 Bxc5 8.Qxd8+
Kxd8 9.Ne5 Ke7 10.Be2 Nbd7 11.Nd3 Bd6 12.Nd2 b5 13.e4 Bb7 14.f3 Ne5 15.Nb3
Nxd3 16.Bxd3 Rhd8 17.Rd1 Rac8 18.Be3 Nd7 19.Rac1 Ba8 20.h3 h6 21.Kf2 g5 
22.Rxc8 Rxc8 23.Rc1 Rxc1 24.Nxc1 Ne5 25.Ke2 f5 26.exf5 Nxd3 27.f6+ Kxf6 
28.Nxd3 Bd5 29.b3 a5 30.Nc5 Bxc5 31.Bxc5 a4 32.bxa4 bxa4 33.a3 h5 34.Bb6 
h4 35.Bd8+ Kf5 36.Kf2 e5 37.Be7 e4 38.fxe4+ Bxe4 39.g3 hxg3+ 40.Kxg3 Bd5 
1/2-1/2

[Event "14th EUR-ch"]
[Site "Legnica POL"]
[Date "2013.05.16"]
[Round "11"]
[White "Cyborowski, Lukasz"]
[Black "Grigorian, Avetik"]
[Result "1/2-1/2"]
[WhiteElo "2543"]
[BlackElo "2616"]
[EventDate "2013.05.05"]
[PlyCount "80"]

1.d4 Nf6 2.Nf3 g6 3.Nbd2 c5 4.dxc5 Qa5 5.a3 Qxc5 6.b4 Qc3 7.Rb1 Qc7 8.Bb2 
Bg7 9.e3 O-O 10.c4 a5 11.Be2 b6 12.O-O Bb7 13.Qb3 axb4 14.axb4 d6 15.c5 
bxc5 16.bxc5 Bd5 17.cxd6 Qxd6 18.Bc4 Nbd7 19.Bxd5 Qxd5 20.Bd4 Rfb8 21.Qxd5
Nxd5 22.Rxb8+ Rxb8 23.Rb1 Rxb1+ 24.Nxb1 e5 25.Bb2 e4 26.Bxg7 exf3 27.Bd4 
fxg2 28.Kxg2 f5 29.Nd2 Kf7 30.Nf3 h6 31.h3 g5 32.Ne1 Nb4 33.Bc3 Nd5 34.Bd4
Nb4 35.Bc3 Nd5 36.Bd4 Nb4 37.Bc3 Nd5 38.Bd4 Nb4 39.Bc3 Nd5 40.Bd4 Nb4 
1/2-1/2

[Event "14th EUR-ch"]
[Site "Legnica POL"]
[Date "2013.05.16"]
[Round "11"]
[White "Mirzoev, Azer"]
[Black "Andriasian, Zaven"]
[Result "0-1"]
[WhiteElo "2543"]
[BlackElo "2608"]
[EventDate "2013.05.05"]
[PlyCount "108"]

1.d4 d5 2.c4 c6 3.cxd5 cxd5 4.Nc3 Nc6 5.Bf4 Nf6 6.e3 a6 7.Bd3 Bg4 8.Nge2 
e6 9.h3 Bh5 10.O-O Be7 11.Rc1 O-O 12.Bh2 Rc8 13.Qd2 Nb4 14.Bb1 Bg6 15.Bxg6
hxg6 16.Nf4 Qa5 17.Ra1 g5 18.Nfe2 Ne8 19.a3 Nc6 20.Rfc1 Nd6 21.b3 Qb6 22.
Bxd6 Bxd6 23.b4 Qd8 24.Na4 Ne7 25.Nc5 Rc7 26.a4 Ng6 27.Nd3 Re7 28.Rab1 f5 
29.f4 Nh4 30.Qe1 Ref7 31.Qf2 gxf4 32.Nexf4 Qf6 33.Ne5 Bxe5 34.dxe5 Qh6 35.
g3 Ng6 36.Nxg6 Qxg6 37.Kh2 Qh6 38.b5 axb5 39.Rxb5 d4 40.Qf4 g5 41.Qxd4 Rh7
42.h4 gxh4 43.gxh4 f4 44.Rg1+ Kh8 45.Rg4 fxe3 46.Rb2 Rhf7 47.Rbg2 Rf2 48.
Re4 Rxg2+ 49.Kxg2 Qg6+ 50.Rg4 Qf5 51.Kh2 e2 52.Re4 Qf1 53.Qe3 Rf2+ 54.Kg3 
Qg2# 0-1

[Event "14th EUR-ch"]
[Site "Legnica POL"]
[Date "2013.05.16"]
[Round "11"]
[White "Solak, Dragan"]
[Black "Jaracz, Pawel"]
[Result "1/2-1/2"]
[WhiteElo "2602"]
[BlackElo "2527"]
[EventDate "2013.05.05"]
[PlyCount "95"]

1.e4 c5 2.c4 Nc6 3.Nc3 g6 4.g3 Bg7 5.d3 a6 6.a4 d6 7.Bg2 e6 8.Nge2 Nge7 9.
Rb1 O-O 10.O-O Rb8 11.Bg5 h6 12.Be3 e5 13.Qd2 Kh7 14.f4 exf4 15.gxf4 f5 
16.Nd5 b5 17.b3 Be6 18.Kh1 Qd7 19.Rg1 bxa4 20.bxa4 fxe4 21.dxe4 Bh3 22.Ng3
Bxg2+ 23.Qxg2 Rxb1 24.Rxb1 Nxd5 25.cxd5 Ne7 26.Qc2 Qc7 27.Qc4 Rb8 28.Rxb8 
Qxb8 29.Qxa6 Qb3 30.Qxd6 Nxd5 31.Qxd5 Qxe3 32.Qf7 Qf3+ 33.Kg1 Qd1+ 34.Kf2 
Qc2+ 35.Kf3 Qd1+ 36.Kg2 Qxa4 37.e5 c4 38.e6 c3 39.f5 gxf5 40.e7 Qc6+ 41.
Kh3 c2 42.Qxf5+ Kg8 43.Ne2 h5 44.Nc1 Qc3+ 45.Nd3 Qc6 46.Nc1 Qc3+ 47.Nd3 
Qc6 48.Nc1 1/2-1/2

[Event "14th EUR-ch"]
[Site "Legnica POL"]
[Date "2013.05.16"]
[Round "11"]
[White "Sebenik, Matej"]
[Black "Babula, Vlastimil"]
[Result "1/2-1/2"]
[WhiteElo "2527"]
[BlackElo "2591"]
[EventDate "2013.05.05"]
[PlyCount "69"]

1.d4 Nf6 2.c4 e6 3.Nf3 Bb4+ 4.Bd2 a5 5.a3 Bxd2+ 6.Qxd2 O-O 7.Nc3 d6 8.e4 
e5 9.dxe5 dxe5 10.Qxd8 Rxd8 11.Nxe5 Re8 12.f4 Nbd7 13.Nxd7 Nxe4 14.Nd5 
Bxd7 15.Nxc7 Ng3+ 16.Kf2 Nxh1+ 17.Kg1 a4 18.Nxa8 Rxa8 19.Kxh1 Be6 20.Rd1 
g6 21.Kg1 Rc8 22.Kf2 Bxc4 23.Rc1 b5 24.Bxc4 bxc4 25.Ke3 Rb8 26.Rc2 Kg7 27.
Kd4 Kf6 28.Kxc4 Rb3 29.Kd5 Kf5 30.g3 h5 31.Kd6 Rb6+ 32.Ke7 Rb7+ 33.Kd6 
Rb6+ 34.Ke7 Rb7+ 35.Kd6 1/2-1/2

[Event "14th EUR-ch"]
[Site "Legnica POL"]
[Date "2013.05.16"]
[Round "11"]
[White "Zontakh, Andriy"]
[Black "Ipatov, Alexander"]
[Result "1-0"]
[WhiteElo "2521"]
[BlackElo "2588"]
[EventDate "2013.05.05"]
[PlyCount "63"]

1.d4 d5 2.c4 c6 3.Nc3 Nf6 4.e3 g6 5.Nf3 Bg7 6.h3 O-O 7.Bd3 Nbd7 8.O-O dxc4
9.Bxc4 c5 10.Be2 a6 11.e4 cxd4 12.Qxd4 e5 13.Qb4 b5 14.Rd1 Re8 15.Be3 Bb7 
16.a4 a5 17.Qb3 Qe7 18.Bxb5 Reb8 19.Ng5 Ba6 20.Nxf7 Qxf7 21.Qxf7+ Kxf7 22.
Bxd7 Rxb2 23.Nb5 Rc2 24.Rac1 Rxc1 25.Bxc1 Bf8 26.Be6+ Kg7 27.Bb2 Nxe4 28.
Rd7+ Kh6 29.Bc1+ g5 30.Bf5 Nf6 31.Rf7 Bxb5 32.axb5 1-0

[Event "14th EUR-ch"]
[Site "Legnica POL"]
[Date "2013.05.16"]
[Round "11"]
[White "Bukavshin, Ivan"]
[Black "Kulaots, Kaido"]
[Result "1/2-1/2"]
[WhiteElo "2520"]
[BlackElo "2586"]
[EventDate "2013.05.05"]
[PlyCount "156"]

1.d4 Nf6 2.c4 g6 3.g3 Bg7 4.Bg2 O-O 5.Nf3 d6 6.Nc3 c6 7.O-O Qa5 8.e4 e5 9.
h3 Nbd7 10.Re1 exd4 11.Nxd4 Ne5 12.Bf1 Re8 13.Rb1 d5 14.cxd5 cxd5 15.f4 
Nc6 16.b4 Qb6 17.Be3 Nxe4 18.Nxd5 Qd8 19.Nb5 Nxg3 20.Ndc7 Nxf1 21.Nxe8 Qh4
22.Qf3 Nxe3 23.Nxg7 Nc2 24.Re4 Kxg7 25.Nd6 Be6 26.Qc3+ N6d4 27.Rxd4 Nxd4 
28.Qxd4+ Qf6 29.Qxf6+ Kxf6 30.Nxb7 Bxa2 31.Ra1 Bd5 32.Nd6 Rb8 33.Ra5 Be6 
34.Ne4+ Kg7 35.b5 Rb6 36.Kh2 Bf5 37.Ng5 Rb7 38.Nf3 Bd7 39.Nd4 Kf8 40.Ra6 
Ke8 41.Kg2 Rc7 42.h4 Bc8 43.Ra4 Kd7 44.Nc6 Kd6 45.Kg3 Bd7 46.Nxa7 Rc3+ 47.
Kf2 Kc5 48.Ra6 h5 49.Rf6 Be6 50.Nc6 Kd6 51.f5 gxf5 52.Rh6 Kd5 53.Rh8 Ke4 
54.Ra8 Rc2+ 55.Ke1 Rb2 56.Ra4+ Ke3 57.Ra3+ Bb3 58.Kf1 Rb1+ 59.Kg2 f4 60.
Ne5 Ke4 61.Nd7 f3+ 62.Kg3 Rg1+ 63.Kf2 Rg2+ 64.Ke1 Rg1+ 65.Kf2 Rg2+ 66.Ke1 
Bc2 67.b6 Rg1+ 68.Kf2 Rg2+ 69.Ke1 Rg1+ 70.Kf2 Rg2+ 71.Kf1 Bd3+ 72.Rxd3 
Kxd3 73.b7 Rb2 74.b8=Q Rxb8 75.Nxb8 Ke3 76.Nc6 Kf4 77.Kf2 Kg4 78.Ne5+ Kxh4
1/2-1/2

[Event "14th EUR-ch"]
[Site "Legnica POL"]
[Date "2013.05.16"]
[Round "11"]
[White "Iordachescu, Viorel"]
[Black "Romanyshyn, Oleh"]
[Result "0-1"]
[WhiteElo "2582"]
[BlackElo "2504"]
[EventDate "2013.05.05"]
[PlyCount "88"]

1.e4 e5 2.Nf3 Nc6 3.Bb5 a6 4.Ba4 Nf6 5.O-O Be7 6.Re1 b5 7.Bb3 d6 8.c3 O-O 
9.h3 a5 10.d4 a4 11.Bc2 Bd7 12.Nbd2 Re8 13.Bd3 Qb8 14.Nf1 h6 15.Ng3 Bf8 
16.Be3 Na5 17.Rb1 c5 18.d5 Qd8 19.Nh2 c4 20.Bc2 Nb7 21.f4 a3 22.b4 cxb3 
23.Bxb3 Na5 24.fxe5 dxe5 25.Rf1 Rc8 26.Nh5 Nxe4 27.Bc2 Rxc3 28.Bxe4 Rxe3 
29.Bf5 Bxf5 30.Rxf5 Qb6 31.Kh1 Qg6 32.Qf1 Nc4 33.Ng4 Be7 34.Rd1 Re4 35.d6 
Rxg4 36.hxg4 Bxd6 37.Qe2 Be7 38.Ng3 Bg5 39.Ne4 Qc6 40.Qf3 Qc7 41.Rd5 Ne3 
42.Rc5 Qa5 43.Rfxe5 Qe1+ 44.Kh2 Rxe5 0-1

[Event "14th EUR-ch"]
[Site "Legnica POL"]
[Date "2013.05.16"]
[Round "11"]
[White "Kuljasevic, Davorin"]
[Black "Kreisl, Robert"]
[Result "1/2-1/2"]
[WhiteElo "2578"]
[BlackElo "2380"]
[EventDate "2013.05.05"]
[PlyCount "138"]

1.d4 d5 2.c4 c6 3.Nf3 Nf6 4.Nc3 dxc4 5.a4 Bf5 6.e3 e6 7.Bxc4 Bb4 8.O-O 
Nbd7 9.Qe2 O-O 10.e4 Bg6 11.Bd3 Bh5 12.e5 Nd5 13.Nxd5 cxd5 14.Qe3 Bg6 15.
Bxg6 fxg6 16.a5 b6 17.axb6 Qxb6 18.Bd2 Bxd2 19.Qxd2 Rfc8 20.Rfc1 Nf8 21.h4
h6 22.Rc2 Rxc2 23.Qxc2 Rb8 24.Qc5 Qxb2 25.Rxa7 Rb7 26.Rxb7 Qxb7 27.Qc2 Qa6
28.g3 Qa3 29.Kg2 Qa1 30.Qd3 Qc1 31.Ng1 Qb2 32.Nh3 Qb7 33.Nf4 Qf7 34.Ne2 
Qb7 35.Nf4 Qf7 36.Ne2 Qb7 37.Nc1 Qb6 38.Nb3 Qb4 39.Nc5 Qb2 40.Qe3 Qb4 41.
Qd3 Qb2 42.Qd1 Kh7 43.Qa4 Qb1 44.Qa3 Qc2 45.Qf3 Kg8 46.Nb7 Qc7 47.Nc5 Qe7 
48.Qb3 Qf7 49.Qb8 Kh7 50.Qb3 Kg8 51.Nb7 Qc7 52.Nd6 Qe7 53.Qe3 Nd7 54.Qc1 
Nf8 55.Kf1 Qa7 56.Qb2 Nd7 57.Qb5 Qc7 58.Qa6 Nb8 59.Qd3 Nc6 60.Qxg6 Nxd4 
61.h5 Qe7 62.f4 Qc7 63.Qe8+ Kh7 64.Qg6+ Kg8 65.Kg2 Qc3 66.Qe8+ Kh7 67.Qg6+
Kg8 68.Qe8+ Kh7 69.Qg6+ Kg8 1/2-1/2

[Event "14th EUR-ch"]
[Site "Legnica POL"]
[Date "2013.05.16"]
[Round "11"]
[White "Blubaum, Matthias"]
[Black "Kislinsky, Alexey"]
[Result "1-0"]
[WhiteElo "2511"]
[BlackElo "2574"]
[EventDate "2013.05.05"]
[PlyCount "107"]

1.d4 Nf6 2.c4 g6 3.Nc3 Bg7 4.e4 O-O 5.Nf3 d6 6.Be2 Na6 7.O-O e5 8.Be3 Ng4 
9.Bg5 f6 10.Bh4 c6 11.d5 c5 12.Ne1 h5 13.h3 Nh6 14.Nc2 Bd7 15.a3 Nf7 16.b4
Bh6 17.Rb1 Kg7 18.Ne3 Bf4 19.Bd3 Qc8 20.Ne2 Ng5 21.Bg3 Bxg3 22.fxg3 Rf7 
23.Qd2 Qh8 24.h4 Nh7 25.Nc3 Qf8 26.Be2 Kh8 27.Rf2 Qe7 28.g4 hxg4 29.Bxg4 
Rg8 30.h5 Ng5 31.hxg6 Rxg6 32.Bf5 Bxf5 33.Nxf5 Qd8 34.Kf1 Rh7 35.Ke2 Rh2 
36.g3 Rh3 37.b5 Nb8 38.Ke3 Nh7 39.Rh2 Rxh2 40.Qxh2 Nd7 41.Nxd6 Qg8 42.Nf5 
Rg4 43.Rh1 Nf8 44.Kd3 Rg6 45.Kc2 Qf7 46.Qf2 Nd7 47.Kb3 Qf8 48.Qf3 Rg5 49.
d6 Qd8 50.Qd1 Nb6 51.Nd5 Nc8 52.d7 Qxd7 53.Rxh7+ Qxh7 54.Nxf6 1-0

[Event "14th EUR-ch"]
[Site "Legnica POL"]
[Date "2013.05.16"]
[Round "11"]
[White "Moranda, Wojciech"]
[Black "Danielian, Elina"]
[Result "1-0"]
[WhiteElo "2560"]
[BlackElo "2478"]
[EventDate "2013.05.05"]
[PlyCount "83"]

1.d4 d5 2.c4 dxc4 3.Nf3 Nf6 4.e3 e6 5.Bxc4 c5 6.O-O cxd4 7.exd4 Nc6 8.Nc3 
Be7 9.Re1 O-O 10.Bf4 a6 11.Rc1 b5 12.d5 Na5 13.Bxb5 Nh5 14.d6 Nxf4 15.dxe7
Qxe7 16.Bf1 Bb7 17.Qa4 Bxf3 18.Qxf4 Bb7 19.b4 Nc6 20.Nd5 Qd8 21.Ne3 Rc8 
22.a3 Ne7 23.Rxc8 Qxc8 24.Nc4 Nd5 25.Qe5 Bc6 26.Nd6 Qa8 27.h4 h6 28.g4 Ne7
29.g5 Ng6 30.Qg3 hxg5 31.hxg5 Rd8 32.Rc1 e5 33.Nf5 Be4 34.Ne3 Rc8 35.Nc4 
Nf4 36.Re1 Rxc4 37.Bxc4 g6 38.Bf1 Kg7 39.Qe3 Qd8 40.Qxe4 Qxg5+ 41.Bg2 f5 
42.Qxe5+ 1-0

[Event "14th EUR-ch"]
[Site "Legnica POL"]
[Date "2013.05.16"]
[Round "11"]
[White "Duda, Jan-Krzysztof"]
[Black "Grigorian, Karen"]
[Result "1-0"]
[WhiteElo "2506"]
[BlackElo "2559"]
[EventDate "2013.05.05"]
[PlyCount "95"]

1.e4 c6 2.d4 d5 3.e5 c5 4.dxc5 e6 5.a3 Bxc5 6.Qg4 Ne7 7.b4 Bb6 8.Nf3 Ng6 
9.Bb2 Qc7 10.Bd3 Nc6 11.O-O Bd7 12.a4 a5 13.b5 Nb4 14.Bxg6 hxg6 15.Na3 Rc8
16.h3 Qd8 17.Rfc1 Rh5 18.Bd4 Rf5 19.Ne1 Bxd4 20.Qxd4 Qc7 21.c3 Qxe5 22.
Qxe5 Rxe5 23.cxb4 axb4 24.Rxc8+ Bxc8 25.Nd3 Re4 26.Nc2 b3 27.Ncb4 Rc4 28.
Rb1 Rc3 29.Kf1 Ke7 30.Ke2 Kd6 31.Kd2 d4 32.Nc1 e5 33.Rxb3 Rc4 34.a5 Rc5 
35.Nbd3 Rc4 36.a6 bxa6 37.bxa6 Ra4 38.Rb6+ Kc7 39.Rb4 Rxb4 40.Nxb4 Kb6 41.
Ncd3 e4 42.Ne5 Kb5 43.Nbc6 e3+ 44.fxe3 dxe3+ 45.Kxe3 Bxa6 46.Nd4+ Kc5 47.
Nxf7 Bf1 48.Ne6+ 1-0

[Event "14th EUR-ch"]
[Site "Legnica POL"]
[Date "2013.05.16"]
[Round "11"]
[White "Can, Emre"]
[Black "Jianu, Vlad-Cristian"]
[Result "1/2-1/2"]
[WhiteElo "2471"]
[BlackElo "2555"]
[EventDate "2013.05.05"]
[PlyCount "51"]

1.d4 Nf6 2.c4 e6 3.Nf3 d5 4.Nc3 c5 5.cxd5 Nxd5 6.e4 Nxc3 7.bxc3 cxd4 8.
cxd4 Bb4+ 9.Bd2 Bxd2+ 10.Qxd2 O-O 11.Be2 b6 12.O-O Bb7 13.Qe3 Nd7 14.a4 
Rc8 15.h3 Qc7 16.Rfc1 Qd6 17.Rcb1 Rc7 18.a5 Rfc8 19.axb6 Rc3 20.Bd3 axb6 
21.Ra7 Qb8 22.Raa1 Qd6 23.Ra7 Qb8 24.Raa1 Qd6 25.Ra7 Qb8 26.Raa1 1/2-1/2

[Event "14th EUR-ch"]
[Site "Legnica POL"]
[Date "2013.05.16"]
[Round "11"]
[White "Goganov, Alexei"]
[Black "Nasuta, Grzegorz"]
[Result "1-0"]
[WhiteElo "2552"]
[BlackElo "2299"]
[EventDate "2013.05.05"]
[PlyCount "57"]

1.c4 e5 2.Nc3 Nf6 3.Nf3 Nc6 4.e3 Bb4 5.Qc2 O-O 6.Nd5 Re8 7.Qf5 d6 8.Nxf6+ 
Qxf6 9.Qxf6 gxf6 10.a3 Ba5 11.b4 Bb6 12.Bb2 f5 13.c5 dxc5 14.b5 Nd4 15.
exd4 e4 16.Ne5 cxd4 17.Nc4 Bc5 18.Rc1 a6 19.Ne3 Re5 20.Nc2 Rd5 21.Bc4 Rd8 
22.bxa6 b5 23.Bxb5 Rb8 24.a4 c6 25.Bxd4 Bxd4 26.Nxd4 Rxd4 27.Rxc6 Rb4 28.
Ke2 Bd7 29.Rc5 1-0

[Event "14th EUR-ch"]
[Site "Legnica POL"]
[Date "2013.05.16"]
[Round "11"]
[White "Donchenko, Alexander"]
[Black "Georgiev, Kiril"]
[Result "0-1"]
[WhiteElo "2452"]
[BlackElo "2657"]
[EventDate "2013.05.05"]
[PlyCount "106"]

1.c4 Nf6 2.g3 e5 3.Bg2 c6 4.d4 exd4 5.Qxd4 Na6 6.Nf3 Bc5 7.Qe5+ Be7 8.O-O 
O-O 9.Nc3 Re8 10.Rd1 Nc7 11.Qf5 d5 12.Qc2 Bg4 13.cxd5 Ncxd5 14.Ne5 Be6 15.
e4 Nb4 16.Qe2 Qa5 17.Nc4 Qc5 18.Ne3 Rad8 19.a3 Rxd1+ 20.Ncxd1 Na6 21.b4 
Qb6 22.Bb2 Nc7 23.Nc3 a5 24.Na4 Qb5 25.Qxb5 Nxb5 26.Nc5 axb4 27.axb4 Bxc5 
28.bxc5 Nd7 29.Rc1 Ra8 30.Bf1 Ra2 31.Bxb5 Rxb2 32.Bf1 Kf8 33.f4 Ke7 34.e5 
g6 35.Nd1 Ra2 36.Nc3 Ra5 37.Ne4 Bd5 38.Nd6 Nxc5 39.Bg2 Bxg2 40.Kxg2 f6 41.
Kh3 fxe5 42.Nc4 Rb5 43.Nxe5 Nd7 44.Nc4 Rd5 45.Re1+ Kd8 46.Ne3 Rd4 47.Rc1 
Kc7 48.Kh4 h6 49.Rf1 Nf6 50.g4 Rd3 51.Nc4 Ne4 52.Ne5 Rd2 53.h3 g5+ 0-1

[Event "14th EUR-ch"]
[Site "Legnica POL"]
[Date "2013.05.16"]
[Round "11"]
[White "Mammadov, Zaur"]
[Black "Kozul, Zdenko"]
[Result "0-1"]
[WhiteElo "2442"]
[BlackElo "2624"]
[EventDate "2013.05.05"]
[PlyCount "72"]

1.e4 c5 2.c3 Nf6 3.e5 Nd5 4.Nf3 e6 5.d4 cxd4 6.cxd4 d6 7.Bc4 Be7 8.O-O O-O
9.Qe2 b6 10.Qe4 Ba6 11.Bxd5 exd5 12.Qxd5 Nc6 13.Re1 Nb4 14.Qb3 dxe5 15.
dxe5 Qd3 16.Na3 Rad8 17.Bg5 Qxb3 18.axb3 Bxg5 19.Nxg5 Rfe8 20.Re4 Nd3 21.
e6 fxe6 22.Nc2 Nc5 23.Re5 Bd3 24.Nb4 a5 25.Nc6 Rd5 26.Rae1 Rxe5 27.Nxe5 
Bc2 28.Nc4 Bxb3 29.Nxb6 a4 30.Ne4 Nd3 31.Ra1 Nxb2 32.Nc5 Rd8 33.Ncd7 Nc4 
34.Kf1 a3 35.Ke1 Nxb6 36.Nxb6 a2 0-1